| 000 | 00512nam a2200193Ia 4500 | ||
|---|---|---|---|
| 008 | 131103s9999 xx 000 0 und d | ||
| 020 | _a0 7064 0256 I | ||
| 040 | _aLoreto College | ||
| 041 | _aEnglish | ||
| 082 |
_aREF/RAE _bLCBED/7316 |
||
| 100 | _aRaeburn, Michael | ||
| 245 | 3 |
_aAn outline of world architecture _cMichael Raeburn |
|
| 260 |
_aLondon _bOctopus _c1973 |
||
| 300 |
_a128p _b .ill. _c 26cm. |
||
| 504 | _aIncludes index | ||
| 650 | _aArchitecture | ||
| 850 | _aLCBED/REF/RAE | ||
| 942 | _cBK | ||
| 999 |
_c31278 _d81757 |
||